Arte feminista en los ochenta en México : (Record no. 115639)
[ view plain ]
| 000 -LEADER | |
|---|---|
| fixed length control field | 00832nam a22002054a 4500 |
| 005 - DATE AND TIME OF LATEST TRANSACTION | |
| control field | 20160420132249.0 |
| 008 - FIXED-LENGTH DATA ELEMENTS--GENERAL INFORMATION | |
| fixed length control field | 160420b mx ||||| |||| 00| 0 spa d |
| 020 ## - INTERNATIONAL STANDARD BOOK NUMBER | |
| International Standard Book Number | 9689172352 |
| 050 04 - LIBRARY OF CONGRESS CALL NUMBER | |
| Classification number | PN2595.13.W65 |
| Item number | B37 2008 |
| 100 1# - MAIN ENTRY--PERSONAL NAME | |
| Personal name | Barbosa Sánchez, Araceli. |
| 245 10 - TITLE STATEMENT | |
| Title | Arte feminista en los ochenta en México : |
| Remainder of title | una perspectiva de género / |
| Statement of responsibility, etc | Araceli Barbosa. |
| 250 ## - EDITION STATEMENT | |
| Edition statement | 1. ed. |
| 260 ## - PUBLICATION, DISTRIBUTION, ETC. (IMPRINT) | |
| Place of publication, distribution, etc | México, D.F. : |
| Name of publisher, distributor, etc | Universidad Autónoma del Estado de Morelos, |
| Date of publication, distribution, etc | 2008. |
| 300 ## - PHYSICAL DESCRIPTION | |
| Extent | p.v. : |
| Other physical details | il.; |
| Dimensions | 21 cm. |
| 504 ## - BIBLIOGRAPHY, ETC. NOTE | |
| Bibliography, etc | Incluye bibliografias e índice |
| 520 8# - SUMMARY, ETC. | |
| Summary, etc | A study on the new feminine consciousness in the visual arts in Mexico. The book looks feminist art, the artists, history of women in the visual arts. |
| 650 #7 - SUBJECT ADDED ENTRY--TOPICAL TERM | |
| Topical term or geographic name as entry element | Feminismo |
| Geographic subdivision | Mexico. |
| Source of heading or term | LEMB |
| 650 #7 - SUBJECT ADDED ENTRY--TOPICAL TERM | |
| Topical term or geographic name as entry element | Artistas (mujeres) |
| Geographic subdivision | Mexico. |
| Source of heading or term | LEMB |
| 942 ## - ADDED ENTRY ELEMENTS (KOHA) | |
| Source of classification or shelving scheme | Biblioteca del Cogreso de los Estados Unidos |
| Koha item type | Libro |
| Estado de pérdida | Fuente de clasificación | Estado del daño | No para préstamo | Ubicación permanente | Ubicación actual | Apartado o colección | Fecha de adquisición | Edición | Área del conocimiento | Clasificación | Código de Barras | Date last seen | Número de copia | Tipo de recurso |
|---|---|---|---|---|---|---|---|---|---|---|---|---|---|---|
| Biblioteca del Cogreso de los Estados Unidos | Biblioteca de la Facultad de Filosofía | Biblioteca de la Facultad de Filosofía | General | 20/04/2016 | 1a ed. | Educación y Humanidades | PN2595.13.W65 B37 2008 | BFF000015749 | 20/04/2016 | C:1 | Libro |